000 00732nam a22001937a 4500
005 20251108164027.0
008 250721s1995 xx 000 0 ara d
082 1 4 _a320.947/انص
100 1 _aالربضي، إنصاف جميل
245 1 0 _aالتحولات السياسية و الإقتصادية في دول أوروبا الشرقية بعد إنتهاء الحرب الباردة :
_bدراسة في الفكر السياسي /
264 1 _aعمان :
_bدار الفكر،
_c1995.
300 _a143ص
650 1 7 _aالأحوال السياسية
650 1 7 _aأوروبا الشرقية
650 1 7 _aروسيا الإتحادية
650 1 7 _aالتاريخ السياسي
942 _2ddc
_cBK
999 _c1785
_d1785